Guía del patrimonio arquitectónico de Cartagena / (Record no. 197676)

MARC details
000 -LEADER
campo de control de longitud fija 01886nam a2200421 i 4500
001 - NÚMERO DE CONTROL
campo de control 197676
003 - IDENTIFICADOR DE NÚMERO DE CONTROL
campo de control ES-MaACL
005 - FECHA Y HORA DE LA ÚLTIMA TRANSACCIÓN
campo de control 20250708165637.0
007 - CAMPO FIJO DE DESCRIPCIÓN FÍSICA--INFORMACIÓN GENERAL
campo de control de longitud fija ta
008 - DATOS DE LONGITUD FIJA--INFORMACIÓN GENERAL
campo de control de longitud fija 171213s2016 sp a o001 0 spa
015 ## - NÚMERO DE BIBLIOGRAFÍA NACIONAL
Número de bibliografía nacional MON16
017 ## - NÚMERO DE COPYRIGHT O DE DEPÓSITO LEGAL
Número de copyright o de depósito legal MU 1264-2016
Agencia que asigna Oficina Depósito Legal Murcia
020 ## - NÚMERO INTERNACIONAL ESTÁNDAR DEL LIBRO
Número Internacional Estándar del Libro 9788416325252
ISBN cancelado o inválido 978-84-1635-25-2
035 ## - NÚMERO DE CONTROL DEL SISTEMA
Número de control de sistema (OCoLC)1030683401
035 ## - NÚMERO DE CONTROL DEL SISTEMA
Número de control de sistema (SpMaBN)a6077616
035 ## - NÚMERO DE CONTROL DEL SISTEMA
Número de control de sistema 991006943309708606
040 ## - FUENTE DE CATALOGACIÓN
Centro catalogador/agencia de origen SpMaBN
Lengua de catalogación spa
Centro/agencia transcriptor SpMaBN
Normas de descripción rdc
080 ## - NÚMERO DE LA CLASIFICACIÓN DECIMAL UNIVERSAL
Número de la Clasificación Decimal Universal 72(460.33 Cartagena)(091)
080 ## - NÚMERO DE LA CLASIFICACIÓN DECIMAL UNIVERSAL
Número de la Clasificación Decimal Universal 711.4(460.33 Cartagena)(091)
245 00 - MENCIÓN DEL TÍTULO
Título Guía del patrimonio arquitectónico de Cartagena /
Mención de responsabilidad, etc. Martín Pérez Yelo, José-Antonio Rodríguez Martín, colaboran, Macarena Bernal Prades, Gloria Soler Tortosa ; edición y revisión, José Laborda Yheva
260 ## - PUBLICACIÓN, DISTRIBUCIÓN, ETC.
Lugar de publicación, distribución, etc. Cartagena :
Nombre del editor, distribuidor, etc. Universidad Politécnica de Cartagena ;
Lugar de publicación, distribución, etc. Murcia,
Nombre del editor, distribuidor, etc. Fundación Cajamurcia,
Fecha de publicación, distribución, etc. 2016
300 ## - DESCRIPCIÓN FÍSICA
Extensión 414 páginas :
Otras características físicas ilustrado a color ;
Dimensiones 22 cm
336 ## - TIPO DE CONTENIDO
Término de tipo de contenido Texto (visual)
Fuente isbdcontent
337 ## - TIPO DE MEDIO
Nombre/término del tipo de medio sin mediación
Fuente isbdmedia
338 ## - TIPO DE SOPORTE
Fuente rdacarrier
Nombre/término del tipo de soporte volumen
504 ## - NOTA DE BIBLIOGRAFÍA, ETC.
Nota de bibliografía, etc. Bibliografía: p. 395-399. Índice
650 #7 - PUNTO DE ACCESO ADICIONAL DE MATERIA--TÉRMINO DE MATERIA
Término de materia o nombre geográfico como elemento de entrada Arquitectura-
Subdivisión geográfica Cartagena-
Subdivisión de forma Historia
Fuente del encabezamiento o término embne
9 (RLIN) 241083
650 #7 - PUNTO DE ACCESO ADICIONAL DE MATERIA--TÉRMINO DE MATERIA
Término de materia o nombre geográfico como elemento de entrada Edificios históricos-
Subdivisión geográfica Cartagena
Fuente del encabezamiento o término embne
9 (RLIN) 241084
650 #7 - PUNTO DE ACCESO ADICIONAL DE MATERIA--TÉRMINO DE MATERIA
Término de materia o nombre geográfico como elemento de entrada Urbanismo-
Subdivisión geográfica Cartagena-
Subdivisión de forma Historia
Fuente del encabezamiento o término embne
9 (RLIN) 241085
700 1# - ENTRADA AGREGADA--NOMBRE PERSONAL
Nombre de persona Pérez Yelo, Martín
Término indicativo de función/relación Autor
9 (RLIN) 241086
700 1# - ENTRADA AGREGADA--NOMBRE PERSONAL
Nombre de persona Laborda Yneva, José,
Fechas asociadas al nombre 1949-
9 (RLIN) 143355
Término indicativo de función/relación Autor
852 ## - LOCALIZACIÓN
Ubicación ES-MaACL
Ubicación en estantería Depósito 1
Número de control de estantería A-15747
Donativo/Legado Donación: Centro de Información Documental de Archivos
Encuadernación Encuadernación rústica
itemnumber 206105
914 ## - NOMBRE ENTIDAD DE DONANTE
Nombre de congreso/reunión o jurisdicción como elemento de entrada Centro de Información Documental de Archivos
Unidad subordinada Donante
942 ## - ELEMENTOS DE ENTRADA SECUNDARIOS (KOHA)
Suprimir en OPAC No
Tipo de ítem Koha Libro impreso
Holdings
Estatus retirado Estado de pérdida Fuente del sistema de clasificación o colocación Estado de daño No para préstamo Biblioteca de origen Biblioteca actual Ubicación en estantería Fecha de adquisición Fuente de adquisición Total de préstamos Signatura topográfica completa Visto por última vez Precio de reemplazo Tipo de ítem Koha
    Clasificación decimal universal     Biblioteca del Ateneo de Madrid Biblioteca del Ateneo de Madrid Depósito 1 26/06/2025 Donación   A-15747 26/06/2025 26/06/2025 Libro impreso